| 000 | 00455nam a2200169Ia 4500 | ||
|---|---|---|---|
| 008 | 151021s9999 xx 000 0 und d | ||
| 020 | _a72528125 | ||
| 050 | _aHF 5657.4.G37 2007 | ||
| 245 | _a_Managerial accounting [10th ed.] | ||
| 260 | _aUSA McGraw-Hill 2003 | ||
| 300 | _axxxvi,838p. | ||
| 500 | _aIncludes index | ||
| 500 | _aIncludes index | ||
| 650 | _a_Accounting | ||
| 700 | _a_Eric W. Noreen | ||
| 980 | _a^d20130529 02:40:17^oanne | ||
| 999 |
_c13860 _d13860 |
||